Detekcia hoaxov v sociálnych sieťach
Na minha lista:
| Autor principal: | |
|---|---|
| Outros Autores: | |
| Formato: | Manuscrito Livro |
| Idioma: | eslovaco |
| Publicado em: |
2022
|
| Assuntos: | |
| Acesso em linha: | http://is.stuba.sk/zp/portal_zp.pl?podrobnosti=151049 |
| Tags: |
Sem tags, seja o primeiro a adicionar uma tag!
|
MARC
| LEADER | 00000ntm a22000003a 4500 | ||
|---|---|---|---|
| 001 | stuzp88142 | ||
| 003 | SK-STU | ||
| 005 | 20220625211213.8 | ||
| 007 | ta | ||
| 008 | 150427s2015----xo-----f-mn---000-0-slo-d | ||
| 040 | |a STU |b slo | ||
| 041 | 0 | |a slo | |
| 100 | 1 | |a Ronec, Simon |u 070200 |4 aut |U FIIT Fakulta informatiky a informačných technológií |T FIIT Ústav informatiky, informačných systémov a softvérového inžinierstva |X 98900 |U I200 |Y 179 |7 98900 | |
| 242 | 0 | 1 | |a Hoax Detection on Social Networks |y eng |
| 245 | 1 | 0 | |a Detekcia hoaxov v sociálnych sieťach |
| 260 | |c 2022 | ||
| 650 | 4 | |a NLP |2 slo | |
| 650 | 4 | |a sociálne siete |2 slo | |
| 650 | 4 | |a hoax |2 slo | |
| 650 | 4 | |a hoax |2 eng | |
| 650 | 4 | |a NLP |2 eng | |
| 650 | 4 | |a social networks |2 eng | |
| 700 | 1 | |a Stupavský, Igor |u 070200 |k Z3 |4 ths |U FIIT Fakulta informatiky a informačných technológií |T FIIT Ústav informatiky, informačných systémov a softvérového inžinierstva |X 50946 |U I200 |Y 179 |7 50946 | |
| 856 | 4 | |u http://is.stuba.sk/zp/portal_zp.pl?podrobnosti=151049 | |